| 000 | 01106nam a22003377a 4500 | ||
|---|---|---|---|
| 003 | CHAP | ||
| 005 | 20220329143721.0 | ||
| 008 | 110404s1996 mx r 00010 spa d | ||
| 010 | _a100847 | ||
| 011 | _a101819 | ||
| 020 | _a68295231X | ||
| 035 | _a112507 | ||
| 040 | _cCHAP | ||
| 082 | 0 | 4 |
_a930.1097247 _bAn88 |
| 245 | 0 | 0 |
_aAntología de Tizatlán _c/compilado por Ángel García Cook y B. Leonor Merino Carrión |
| 260 |
_aMéxico, D.F. : _bINAH, _c1996 |
||
| 300 |
_a239 p. : _bilus. |
||
| 490 | 0 | _aSeries arqueologicas | |
| 590 |
_aBATCH-UPD _b10 _c20130110 _lUCH01 _h1554 |
||
| 590 |
_aBATCH-UPD _b10 _c20130410 _lUCH01 _h0952 |
||
| 590 |
_aBATCH-UPD _b10 _c20130914 _lUCH01 _h0359 |
||
| 590 |
_aCONVERSION _b10 _c20130109 _lUCH01 _h1356 |
||
| 650 | 1 | 4 |
_aArqueológia _xTlaxcala. _97362 |
| 650 | 1 | 4 |
_aTlaxcala _xHistoria. _9113476 |
| 700 | 1 |
_aGarcía Cook, Angel _ecomp. _945874 |
|
| 700 | 1 |
_aMerino Carrión, B. Leonor _ecomp. _974974 |
|
| 830 | 0 |
_aSeries arqueologicas _9105108 |
|
| 901 | _aBK | ||
| 942 | _cLIBRO | ||
| 949 |
_a930.1097247 An88 _bBC _cLIBRO _d33724002236181 _eLIBRO _h114593 _i112507 _sb |
||
| 999 |
_c100847 _d100847 |
||